Statistics for Once Upon a Time Character Quiz

Click here to take the quiz!

General Stats

  • This quiz has been taken 51 times
  • The average score is 11 of 17

Answer Stats

Cursed namesOriginal namesActor/Actress names% Correct
Mary Margaret BlanchardSnow WhiteGinnifer Goodwin
100%
Regina MillsThe Evil QueenLana Parrilla
100%
David NolanPrince CharmingJosh Dallas
97%
LeroyGrumpyLee Arenberg
77%
Mother SuperiorThe Blue FairyKeegan Connor Tracy
77%
Neal CassidyBaelfireMichael Raymond-James
74%
LaceyBelleEmilie de Ravin
74%
August W. BoothPinocchioEion Bailey
72%
RubyRedMeghan Ory
72%
Mr. GoldRumplestiltskinRobert Carlyle
67%
Sheriff GrahamHuntsmanJamie Dornan
59%
Sidney GlassMagic Mirror/GenieGiancarlo Esposito
54%
MarcoGeppettoTony Amendola
44%
Kathryn NolanPrincess AbigailAnastasia Griffith
41%
Dr. WhaleVictor FrankensteinDavid Anders
36%
Albert SpencerKing GeorgeAlan Dale
33%
Dr. Archibald HopperJimmy CricketRaphael Sbarge
13%

Score Distribution

Percentile by Number Answered

Percent of People with Each Score

Your Score History

You have not taken this quiz